000 01404nam a2200409 i 4500
001 38268
003 KOSZ 005
005 20221006112316.0
008 990319s1998 pl f f |000 0 pol
015 _aPB 1999/3721
020 _a8387558508
040 _aWA N
_cWA N
_dKOSZ 005/HR
041 0 _apol
046 _k1998
080 _a346(438)
080 _a(07)
245 0 0 _aPrawo gospodarcze :
_bzagadnienia administracyjnoprawne /
_cCezary Banasiński [et al.] ; pod red. nauk. Marka Wierzbowskiego i Mirosława Wyrzykowskiego.
250 _aWyd. 2 zm.
260 _aWarszawa :
_bWydawnictwa Prawnicze PWN,
_c1998.
300 _a313, [3] s. ;
_c24 cm.
336 _2rdacontent
_aTekst
_btxt
337 _2rdamedia
_aBez urządzenia pośredniczącego
_bn
338 _2rdacarrier
_aWolumin
_bnc
380 _aKsiążki
388 _a1901-2000
388 _a1989-2000
650 4 _aPrawo gospodarcze
651 _aPolska
655 4 _aPodręcznik
658 _aPrawo i wymiar sprawiedliwości
700 1 _aWyrzykowski, Mirosław
_d(1950- )
_eRedakcja
700 1 _aBanasiński, Cezary
_d(1953- )
_eAutor
700 1 _aWierzbowski, Marek
_d(1946- )
_eRedakcja
710 2 _aWydawnictwa Prawnicze PWN
856 _uhttp://koha.tu.koszalin.pl/cgi-bin/koha/opac-detail.pl?biblionumber=38268
_yKatalog online BPK
942 _2UKD
_cKS
999 _c38268
_d38268